Dvě cesty : [Povídky / Autor:] Martin Kukučín [pseud.] ; Vybral Karol Rosenbaum ; Ze slov. přel. František Musil ; Anna Křemenáková: Doslov ; Il. Jan Jůzl
Výbor z próz slovenského realisty s obrazem života a hlubokou reflexí filosofickou, morální a sociální. Kukučín svými povídkami, novelami a humoreskami portrétuje a typizuje své literární hrdinyjakoreprezentantyspolečenskýchvrstev a skupin. Nejvíce se věnuje slovenskému lidu, kterému rozuměl a který dobře znal.
Record details
- Physical Description: 566, [3] s. ; 8°
- Edition: 1. vyd.
- Publisher: Praha : SNKLHU, 1959
Content descriptions
| General Note: | Vl. jm. autora: Bencúr, Matej 5000 výt. Pozn.: Želmíra Gašparíková |
Search for related items by series
Available copies
- 1 of 1 copy available at Common Catalog SPOK.
Holds
- 0 current holds with 1 total copy.
Show Only Available Copies
| Location | Call Number / Copy Notes | Barcode | Shelving Location | Status | Due Date |
|---|---|---|---|---|---|
| KDS Library | 810 KuM | 204576800747 | Library | Available | - |
| LDR | 01422nam a22003251 4500 | ||
|---|---|---|---|
| 001 | 20399 | ||
| 003 | CZ-PrJAB | ||
| 005 | 20150708062454.0 | ||
| 008 | 980716s1959 xr cze | ||
| 015 | . | ‡acnb000684091 | |
| 035 | . | ‡a(CZ PrNK)bk195903206 | |
| 035 | . | ‡a(OCoLC)85461417 | |
| 040 | . | ‡aABA001 ‡bcze ‡cULG001 ‡dABA001 | |
| 041 | 1 | . | ‡acze ‡hslo |
| 080 | . | ‡a885.4-32 ‡2undef | |
| 100 | 1 | . | ‡aKukučín, Martin, ‡d1860-1928 ‡7jn19990218058 ‡4aut |
| 245 | 1 | 0. | ‡aDvě cesty : ‡b[Povídky / ‡cAutor:] Martin Kukučín [pseud.] ; Vybral Karol Rosenbaum ; Ze slov. přel. František Musil ; Anna Křemenáková: Doslov ; Il. Jan Jůzl |
| 250 | . | ‡a1. vyd. | |
| 260 | . | ‡aPraha : ‡bSNKLHU, ‡c1959 ‡f(Rudé právo) | |
| 300 | . | ‡a566, [3] s. ; ‡c8° | |
| 490 | 1 | . | ‡aSlovenská knihovna ; ‡vSv. 16 |
| 500 | . | ‡aVl. jm. autora: Bencúr, Matej | |
| 500 | . | ‡a5000 výt. | |
| 500 | . | ‡aPozn.: Želmíra Gašparíková | |
| 520 | . | ‡aVýbor z próz slovenského realisty s obrazem života a hlubokou reflexí filosofickou, morální a sociální. Kukučín svými povídkami, novelami a humoreskami portrétuje a typizuje své literární hrdinyjakoreprezentantyspolečenskýchvrstev a skupin. Nejvíce se věnuje slovenskému lidu, kterému rozuměl a který dobře znal. | |
| 830 | 0. | ‡aSlovenská knihovna | |
| 910 | . | ‡aABE463 | |
| 964 | . | ‡aKukučín, Martin (1860-1928 spisovatel sloven.): prózy drobné - stati | |
| 964 | . | ‡aPovídky | |
| 964 | . | ‡aNovely | |
| 998 | . | ‡a000684091 | |
| 901 | . | ‡a20399 ‡b ‡c20399 ‡tbiblio | |